000
00345cam a2200145ua 4500
041
_a
eng
_h
082
_a
828.09
_b
WES/BY
100
_a
West, paul .
245
_a
Byon and the spoileis Art /
_c
West.
_h
Textual Documents
260
_a
:
_b
Chatto and Windus ,
_c
1960.
300
_a
155 ; .
504
_a
942
_c
BK
999
_c
11998
_d
11998